01174nam a2200241 a 450000100060000000300090000600800410001502000150005604000280007108200180009910000370011724500580015426000390021230000100025150502480026165000410050965000460055065000710059665000710066794200120073899900170075095201650076722934CO-ViMGA141112s2004 ck r 000 u spa d a9588235529 aCO-ViMGAbspacCO-ViMGA04a382.0986 T3521 aVelandia Castro, Mauricio93294110aEl tlc y el derecho de la distribuciòn comercial aColombia : bUniversidad Externado a374p. aCanales de distribucion comercial y competencia, Constitucion, tratado , El contrato de franquicia comercial, Propiedad intelectual en el tlc colombia - eeuu, Generalidades del tratado de libre comercio E.U, La agencia mercantil y su evolucion14aCOLOMBIA - COMERCIO EXTERIOR 93294214aFRANQUICIAS ( COMERCIO MINORISTA) 93294314aTRATADO DE LIBRE COMERCIO - ASPECTOS JURIDICOS - COLOMBIA 93294414aTRATADO DE LIBRE COMERCIO - ASPECTOS ECONOMICOS - COLOMBIA 932945 2ddccBK c31224d31224 00102ddc40708003aMEVIECARbMEVIECARd2015-12-04hVolumen. 1 | 14/nov/2009l1o382.0986 T352 p22934r2018-09-26 00:00:00s2018-09-19tEj. 1w2015-12-04yBK